000 00762nam a2200229Ia 4500
003 BUBTL
008 151213s9999 xx 000 0 und d
041 _aবাংলা ও ইংরেজী
082 _2১ম সং
_a347.73/ H211c/ 2007
100 _aহক, মো: শামছুুল
_95473
245 _aদেওয়ানী কার্যবিধি/
_cমো: শামছুল হক।
250 _a ১ম সং
260 _aঢাকা
_bরোমানা হক।
_cc2007
300 _a608 p. :
_bill. ; 24 cm.
526 _aLAw
650 _aLaw
650 _a
700 _aমো: শামছুল হক।
_95474
856 _k0
_l0
_yDownload
942 _2ddc
_cBK
999 _c3171
_d3171